Theory of the integral (Record no. 691314)

MARC details
000 -LEADER
fixed length control field 01682nam a2200265Ia 4500
003 - CONTROL NUMBER IDENTIFIER
control field OSt
005 - DATE AND TIME OF LATEST TRANSACTION
control field 20250616122413.0
008 - FIXED-LENGTH DATA ELEMENTS--GENERAL INFORMATION
fixed length control field 220926b |||||||| |||| 00| 0 eng d
037 ## - SOURCE OF ACQUISITION
Terms of availability Reference Collections
040 ## - CATALOGING SOURCE
Original cataloging agency RTL
Transcribing agency RTL
Language of cataloging eng
041 ## - LANGUAGE CODE
Source of code eng
Language code of text/sound track or separate title eng
084 ## - COLON CLASSIFICATION NUMBER
Classification number B13 K4/SC
100 ## - MAIN ENTRY--PERSONAL NAME
Personal name Saks, Stanislaw
9 (RLIN) 371071
245 #0 - TITLE STATEMENT
Title Theory of the integral
250 ## - EDITION STATEMENT
Edition statement 2nd
260 ## - PUBLICATION, DISTRIBUTION, ETC.
Place of publication, distribution, etc. New York
Name of publisher, distributor, etc. Dover Publications
Date of publication, distribution, etc. 1964
300 ## - PHYSICAL DESCRIPTION
Extent xv,343 p.
Dimensions cm.
Other physical details Includes bibliographical references and index
520 ## - SUMMARY, ETC.
Summary, etc. This work has been selected by scholars as being culturally important and is part of the knowledge base of civilization as we know it.<br/><br/>This work is in the public domain in the United States of America, and possibly other nations. Within the United States, you may freely copy and distribute this work, as no entity (individual or corporate) has a copyright on the body of the work.<br/><br/>Scholars believe, and we concur, that this work is important enough to be preserved, reproduced, and made generally available to the public. To ensure a quality reading experience, this work has been proofread and republished using a format that seamlessly blends the original graphical elements with text in an easy-to-read typeface.<br/><br/>We appreciate your support of the preservation process, and thank you for being an important part of keeping this knowledge alive and relevant.<br/><br/>
650 ## - SUBJECT ADDED ENTRY--TOPICAL TERM
Topical term or geographic name entry element Mathematics
650 ## - SUBJECT ADDED ENTRY--TOPICAL TERM
Topical term or geographic name entry element Mathematics- Caratheodory measure
9 (RLIN) 812906
650 ## - SUBJECT ADDED ENTRY--TOPICAL TERM
Topical term or geographic name entry element Mathematics- Integral theory
9 (RLIN) 812907
700 ## - ADDED ENTRY--PERSONAL NAME
Personal name L.C. Young
Relator term Translator
9 (RLIN) 812908
942 ## - ADDED ENTRY ELEMENTS (KOHA)
Classification part B13 K4/SC
Koha item type Reference
Source of classification or shelving scheme Colon Classification (CC)
Suppress in OPAC No
Holdings
Withdrawn status Lost status Source of classification or shelving scheme Damaged status Not for loan Home library Current library Date acquired Total Checkouts Full call number Barcode Date last seen Price effective from Koha item type
    Colon Classification (CC)     Ratan Tata Library Ratan Tata Library 2022-09-27   B13 K4/SC RT1148565 2022-09-27 2022-09-27 Reference
Copyright @ Delhi University Library System